00273 a2200121 4500001000700000040003500007100002900042240003000071245002500101300000700126362000900133440000900142149793 cEscola São Tomás de Aquino aGÓES, Lúcia Pimentel10aNa terra das onçaslpor10aNa terra das onças a640 a1986 1aFTD